Objects on American coins - Statistics

General Stats
  • This quiz has been taken 18 times
  • The average score is 9 of 26
Answer Stats
Years on Coins Object % Correct
1794-2008 Eagle
88%
1959-2008 Lincoln Memorial
76%
1909-1958 Wheat
76%
1913-1938 Buffalo
71%
1938-present Monticello Building
65%
1798-present Shield
65%
1971-1999 Moon
53%
1793-present Head
47%
1794-2008 Stars
41%
1946-present Torch
41%
1793-1921 Wreath
41%
1798-present Branch
35%
1976 Drum
35%
1948-1976 Liberty Bell
35%
1916-1947 Sun
29%
1921-1935 Crown
24%
1837-1891 Flag
24%
1976 Independence Hall
18%
2007-2016 Statue of Liberty
18%
1798-2002 Arrows
12%
1793 Chain
12%
1971-1999 Earth
12%
1873-1885 Cobblestone Wall
6%
1793 Strawberry
6%
1916-1998 Fasces
0%
1916-1930 Table
0%
No matching quizzes found
Score Distribution
Percent of People with Each Score
Percentile by Number Answered
Your Score History
You have not taken this quiz